00737nam a2200169 a 4500008004100000020001500041050001700056100001700073245007100090260004000161350000900201650001200210650002400222995015200246995015200398999001700550120416s1996 ||||||||||||||||| || u a0750621559 aGV 188.3 Lei aTrigg, Peter10aLeisure and tourism GNVQ: advanced textbookcedited by Peter Trigg aOxfordbButterworth-Heinemannc1996 a0.00 aLEISURE aLEISURE AND TOURISM aMAIN LIBRARY OPEN ACCESSD0.00e730842FCBU-MAIN LIBRARY (Kitwe)H1I22.95jGV 188.3 LeiM1UAVAILABLEy028000ZMain Library Open Access Collection aMAIN LIBRARY OPEN ACCESSD0.00e731025FCBU-MAIN LIBRARY (Kitwe)H2I22.95jGV 188.3 LeiM2UAVAILABLEy028245ZMain Library Open Access Collection c82172d82172